000 00410nam a2200145 i 4500
001 63475
003 ES-MaACL
007 t|
008 031210s1966 sp ||||1| cat d
100 1 _aFerrer Pastor, Francisco.
_950490
245 1 0 _aVocabulari castellá-valenciá /
_cFrancesc Ferrer Pastor.
260 _aValencia :
_bSicania,
_c1966.
300 _a478 p. ;
_c19 cm.
852 _aES-MaACL
_jG-15913
_bR.62022
999 _c63475
_d63475